Consumer behavior / (Record no. 15670)
[ view plain ]
| 000 -LEADER | |
|---|---|
| fixed length control field | 01166nam a2200301 a 4500 |
| 001 - CONTROL NUMBER | |
| control field | 15670 |
| 003 - CONTROL NUMBER IDENTIFIER | |
| rucl marc code | BD-RjUL |
| 005 - DATE AND TIME OF LATEST TRANSACTION | |
| control field | 20211208235850.0 |
| 008 - FIXED-LENGTH DATA ELEMENTS--GENERAL INFORMATION | |
| fixed length control field | 140210s2007 nju 001 0 eng d |
| 020 ## - INTERNATIONAL STANDARD BOOK NUMBER | |
| International Standard Book Number | 8177589997 |
| 035 ## - SYSTEM CONTROL NUMBER | |
| System control number | (BD-RjUL)15725 |
| 040 ## - CATALOGING SOURCE | |
| Original cataloging agency | BD-RjUL |
| Language of cataloging | eng |
| Transcribing agency | BD-RjUL |
| Modifying agency | BD-RjUL |
| 041 ## - LANGUAGE CODE | |
| Language code of text/sound track or separate title | eng |
| 082 ## - DEWEY DECIMAL CLASSIFICATION NUMBER | |
| Classification number | 658.8342 |
| Author mark and year | SCC |
| 100 1# - MAIN ENTRY--PERSONAL NAME | |
| Personal name | Schiffman, Leon G. |
| 9 (RLIN) | 48634 |
| 245 10 - TITLE STATEMENT | |
| Title | Consumer behavior / |
| Statement of responsibility, etc. | Leon G. Schiffman, Leslie Lazar Kanuk. |
| 250 ## - EDITION STATEMENT | |
| Edition statement | 9th ed. |
| 260 ## - PUBLICATION, DISTRIBUTION, ETC. (IMPRINT) | |
| Place of publication, distribution, etc. | Upper Saddle River, N.J. : |
| Name of publisher, distributor, etc. | Pearson Education, |
| Date of publication, distribution, etc. | 2007. |
| 300 ## - PHYSICAL DESCRIPTION | |
| Pagination | xix, 561, [71] p. in various pagings ; |
| Size | 26 cm. |
| 500 ## - GENERAL NOTE | |
| General note | Accompanied by: Instuctor's manual / Kathleen Rathje Zumpfe and Test item file / Steven M. Cox. |
| 504 ## - BIBLIOGRAPHY, ETC. NOTE | |
| Bibliography, etc | Includes bibliography and index. |
| 650 #0 - SUBJECT ADDED ENTRY--TOPICAL TERM | |
| Topical term or geographic name as entry element | Consumer behavior. |
| 9 (RLIN) | 12811 |
| Topical term or geographic name as entry element | Motivation research (Marketing) |
| 9 (RLIN) | 12812 |
| 700 1# - ADDED ENTRY--PERSONAL NAME | |
| Personal name | Kanuk, Leslie Lazar. |
| Personal name | Zumpfe, Kathleen Rathje. |
| Personal name | Cox, Steven M. |
| Fuller form of name | (Steven Michael), |
| Dates associated with a name | 1951- |
| 942 ## - ADDED ENTRY ELEMENTS (KOHA) | |
| Source of classification or shelving scheme | Dewey Decimal Classification |
| Koha item type | Books |
| Lost status | Source of classification or shelving scheme | Damaged status | Not for loan | Collection code | Permanent Location | Current Location | Shelving location | Date acquired | Source of acquisition | Cost, normal purchase price | Total Checkouts | Full call number | Date last seen | Date checked out | Copy number | Koha item type |
|---|---|---|---|---|---|---|---|---|---|---|---|---|---|---|---|---|
| Dewey Decimal Classification | Non-fiction | Central Library, University of Rajshahi | Central Library, University of Rajshahi | 01/06/2008 | Dhaka paragon Enterprise | 295.00 | 4 | 658.8342 SCC 2007 | 19/03/2024 | 11/03/2024 | C-5 | Books | ||||
| Dewey Decimal Classification | Non-fiction | Central Library, University of Rajshahi | Central Library, University of Rajshahi | 13/02/2008 | Dhaka paragon Enterprise | 225.00 | 658.82 SCC 2006 | 11/02/2014 | C-4 | Books |